More than news: media power in public affairs
| Authors: | ; |
|---|---|
| Format: | Print Book |
| Language: | English |
| Published: |
Beverly Hills, Calif. [u.a.]
Sage Publ.
1981
|
| In: |
People and communication (12)
Year: 1981 |
| Availability in Tübingen: | Present in Tübingen. UB: KB 12 A 822 |
| Check availability: | HBZ Gateway |
| Subito Delivery Service: | Order now. |
MARC
| LEADER | 00000cam a2200000 c 4500 | ||
|---|---|---|---|
| 001 | 021996954 | ||
| 003 | DE-627 | ||
| 005 | 20260206194829.0 | ||
| 007 | tu | ||
| 008 | 710101s1981 xxu||||| 00| ||eng c | ||
| 010 | |a 81000183 | ||
| 020 | |a 0803915764 |c pbk. |9 0-8039-1576-4 | ||
| 020 | |a 0803915756 |9 0-8039-1575-6 | ||
| 035 | |a (DE-627)021996954 | ||
| 035 | |a (DE-603)130087025 | ||
| 035 | |a (DE-576)022430792 | ||
| 035 | |a (DE-599)GBV021996954 | ||
| 035 | |a (OCoLC)7248541 | ||
| 035 | |a (OCoLC)07248541 | ||
| 040 | |a DE-627 |b ger |c DE-627 |e rakwb | ||
| 041 | |a eng | ||
| 044 | |c XD-US |c XA-GB | ||
| 082 | 0 | |a 302.2/3 |q OCLC | |
| 082 | 0 | |a 302.23 | |
| 084 | |a 3,6 |2 ssgn | ||
| 084 | |a AP 14050 |2 rvk |0 (DE-625)rvk/6895: | ||
| 084 | |a AP 24150 |2 rvk |0 (DE-625)rvk/7103: | ||
| 084 | |a MG 70150 |2 rvk |0 (DE-625)rvk/122860:12061 | ||
| 100 | 1 | |a MacKuen, Michael |d 1948- |0 (DE-588)139989633 |0 (DE-627)614411939 |0 (DE-576)167216821 |4 aut | |
| 109 | |a MacKuen, Michael 1948- |a MacKuen, Michael B. 1948- |a Bruce MacKuen, Michael 1948- |a Mac Kuen, Michael 1948- |a MacKuen, Michael Bruce 1948- |a McKuen, Michael 1948- | ||
| 245 | 1 | 0 | |a More than news |b media power in public affairs |c Michael Bruce MacKuen; Steven Lane Coombs |
| 264 | 1 | |a Beverly Hills, Calif. [u.a.] |b Sage Publ. |c 1981 | |
| 300 | |a 231 S. |b graph. Darst. | ||
| 336 | |a Text |b txt |2 rdacontent | ||
| 337 | |a ohne Hilfsmittel zu benutzen |b n |2 rdamedia | ||
| 338 | |a Band |b nc |2 rdacarrier | ||
| 490 | 1 | |a People and communication |v 12 | |
| 500 | |a Literaturverz. S. 227 - 230 | ||
| 505 | 8 | |a Literaturverz. S. 227 - 230 | |
| 505 | 8 | |a Literaturverz. S. 227 - 230 | |
| 583 | 1 | |a Massenentsäuert |c 2010 |2 pdager |5 DE-18 | |
| 583 | 1 | |a Archivierung prüfen |c 20240324 |f DE-4165 |z 1 |2 pdager | |
| 700 | 1 | |a Coombs, Steven Lane |0 (DE-627)1237216834 |0 (DE-576)16721683X |4 aut | |
| 830 | 0 | |a People and communication |v 12 |9 1200 |w (DE-627)130049581 |w (DE-576)006670490 |w (DE-600)433802-9 |7 am | |
| 935 | |i Blocktest | ||
| 935 | |h HEB |i 0501 | ||
| 935 | |h HEB |i 0503 | ||
| 936 | r | v | |a AP 14050 |b Kommunikation, Medien und Öffentliche Meinung |k Allgemeines |k Medien- und Kommunikationswissenschaften, Medienkulturwissenschaft, Kommunikationsdesign |k Beziehungen, Ausstrahlungen, Einwirkungen |k Kommunikation, Medien und Öffentliche Meinung |0 (DE-627)1270684388 |0 (DE-625)rvk/6895: |0 (DE-576)200684388 |
| 936 | r | v | |a AP 24150 |b Journalistik, Politik und Parteien |k Allgemeines |k Medien- und Kommunikationswissenschaften, Medienkulturwissenschaft, Kommunikationsdesign |k Zeitungswissenschaft |k Beziehungen, Ausstrahlungen, Einwirkungen |k Journalistik, Politik und Parteien |0 (DE-627)1270685791 |0 (DE-625)rvk/7103: |0 (DE-576)200685791 |
| 936 | r | v | |a MG 70150 |b Presse, Massenmedien |k Politologie |k Politische Systeme einzelner Länder |k Europa, Nordamerika |k Nordamerika |k USA |k Öffentliche Meinung |k Presse, Massenmedien |0 (DE-627)1271511509 |0 (DE-625)rvk/122860:12061 |0 (DE-576)201511509 |
| 936 | s | n | |a a300 |2 mzub |
| 936 | s | n | |a m100 |2 mzub |
| 936 | s | n | |a m200 |2 mzub |
| 951 | |a BO | ||
| ELC | |b 1 | ||
| LOK | |0 000 xxxxxcx a22 zn 4500 | ||
| LOK | |0 001 3346927717 | ||
| LOK | |0 003 DE-627 | ||
| LOK | |0 004 021996954 | ||
| LOK | |0 005 20040628000000 | ||
| LOK | |0 008 901130||||||||||||||||ger||||||| | ||
| LOK | |0 040 |a DE-21 |c DE-627 |d DE-21 | ||
| LOK | |0 852 |a DE-21 | ||
| LOK | |0 852 1 |c KB 12 A 822 |9 00 | ||
| LOK | |0 935 |a krim | ||
| LOK | |0 936ln |a k7.3.3.5 | ||
| LOK | |0 939 |a 30-11-90 |b l01 | ||
| ORI | |a SA-MARC-krimdoka001.raw | ||
| SIG | |a UB: KB 12 A 822 | ||
